RESEARCH METHODOLOGY (Record no. 10476)
[ view plain ]
| 000 -LEADER | |
|---|---|
| fixed length control field | 00936nam a22001697a 4500 |
| 003 - CONTROL NUMBER IDENTIFIER | |
| control field | SGT |
| 020 ## - INTERNATIONAL STANDARD BOOK NUMBER | |
| International Standard Book Number | 9788120349469 |
| 082 ## - DEWEY DECIMAL CLASSIFICATION NUMBER | |
| Classification number | 001.4 PAN |
| 100 ## - MAIN ENTRY--PERSONAL NAME | |
| Personal name | PANNEERSELUAM,R |
| 245 ## - TITLE STATEMENT | |
| Title | RESEARCH METHODOLOGY |
| 250 ## - EDITION STATEMENT | |
| Edition statement | 2ND |
| 260 ## - PUBLICATION, DISTRIBUTION, ETC. (IMPRINT) | |
| Place of publication, distribution, etc | NEW DELHI |
| Name of publisher, distributor, etc | PHI |
| Year of Publication | 2014 |
| 300 ## - PAGE DESCRIPTION | |
| No. of Pages | 699 |
| 650 ## - SUBJECT ADDED ENTRY--TOPICAL TERM | |
| Topical term or geographic name as entry element | RESEARCH METHODOLOGY |
| 653 ## - KEYWORDS--INDEX TERM | |
| Keyword term | 1. Overview of Research Methodology 2. Data Collection and Presentation 3. Review of Basic Statistical Measures 4. Design and Analysis of Experiments 5. Attitude Measurement and Scales 6. Probability Distributions 7. Sampling Methods and Distributions 8. Tests of Hypotheses 9. Nonparametric Tests 10. Basic Multivariate Analysis 11. Advanced Multivariate Analysis 12. Multidimensional Scaling and Conjoint Analysis 13. Algorithmic Research 14. Models for Industries and Public Systems 15. Simulation 16. Report Writing and Presentation 17. Introduction to SPSS |
| 942 ## - ADDED ENTRY ELEMENTS (KOHA) | |
| Source of classification or shelving scheme | Dewey Decimal Classification |
| Koha item type | FCM Books |
| 942 ## - ADDED ENTRY ELEMENTS (KOHA) | |
| -- | 4 |
| Withdrawn status | Lost status | Source of classification or shelving scheme | Damaged status | Not for loan | Collection code | Home library | Current library | Shelving location | Date acquired | Vendor Name | Cost, normal purchase price | SGTU | Bill Number | Total Checkouts | Full call number | Accession No. (Barcode) | Date last seen | Date last borrowed | Bill Date | Koha item type |
|---|---|---|---|---|---|---|---|---|---|---|---|---|---|---|---|---|---|---|---|---|
| Dewey Decimal Classification | COMMERCE MANAGEMENT | SGT Science & Social Sciences Library | SGT Science & Social Sciences Library | On Display | 18/01/2017 | INDIAN PUBLISHERS & DISTRIBUTORS | 395.00 | SGTU | 117 | 10 | 001.4 PAN | CM3381 | 06/12/2024 | 21/11/2024 | 20/12/2016 | FCM Books | ||||
| Dewey Decimal Classification | Not For Loan | COMMERCE MANAGEMENT | SGT Science & Social Sciences Library | SGT Science & Social Sciences Library | Reference Book | 18/01/2017 | INDIAN PUBLISHERS & DISTRIBUTORS | 395.00 | SGTU | 117 | 001.4 PAN | CM3382 | 18/01/2017 | 20/12/2016 | FCM Books |